书目信息 |
| 书名: | 降B大调大提琴协奏曲 | |
| 作者: | 布凯里尼曲. | |
| 分册号: | ||
| 分册名: | 出版地: | 香港 : |
|
| 出版社: | 光华出版社 | |
| 出版时间: | ||
| 页数: | 21 p. ; | |
| 开本: | 29cm. | |
| 丛书名: | ||
| 中图分类号: | ||
| 科图分类号: | ||
| 其他分类号: | J657.23 | |
| 主题词: | ||
| 电子资源: | ||
| 000 | 00405nam 2200157 a 4500 | |
| 001 | E0753445796 | |
| 005 | 20070228145557.07 | |
| 008 | 070228s 00010 eng | |
| 020 | @cCNY0.60. | |
| 040 | @aPFT@beng | |
| 090 | @aJ657.23 | |
| 099 | @dJ657.23@ex124 | |
| 245 | @a降B大调大提琴协奏曲 :@b钢琴谱(附大提琴分谱) / @c布凯里尼曲. | |
| 260 | @a香港 :@b光华出版社. | |
| 300 | @a21 p. ;@c29cm. | |
| 700 | @a布凯里尼 | |
| 降B大调大提琴协奏曲 : : 钢琴谱(附大提琴分谱) / / 布凯里尼曲.-香港 : : 光华出版社. |
| 21 p. ; ; 29cm. |
| ISBN CNY0.60. |
| ● |
| 相关链接 |
|
|
|
|
正题名:降B大调大提琴协奏曲
索取号:J657.23/x124
 
预约/预借
| 序号 | 登录号 | 条形码 | 馆藏地/架位号 | 状态 | 备注 |
| 1 | 209333 | 001690548 | 密集书库/ [索取号:J657.23/x124] | 在馆 | |
| 2 | 209334 | 001690557 | 密集书库/ [索取号:J657.23/x124] | 在馆 | |
| 3 | 209335 | 001690539 | 密集书库/ [索取号:J657.23/x124] | 在馆 |